000 00497cam a2200205ua 4500
001 8823
008 150214n ii |||gr||||Z||||||asm
020 _a9789381485088
040 _cMAIN
041 _aasm
082 _a891.4513N
100 _aBora, L. N.,
_eAuthor.
245 1 _aPatal bhairavi
_cBy L. N. Bora
250 _a4th rev.
260 _aGuwahati:
_bJypti,
_c2011.
300 _a284p.
653 _aEast Indo-European & Celtic literatures
653 _aAssamese novels
942 _cBK
999 _c7917
_d7917